Formas de dominación ideológica del estado en Panamá: 1968-1983 /

Furkejuvvon:
Bibliográfalaš dieđut
Váldodahkki: Smith Wiltshire, David A
Materiálatiipa: Oahppočájánas
Almmustuhtton: San José: Universidad de Costa Rica
Fáddágilkorat: Lasit fáddágilkoriid
Eai fáddágilkorat, Lasit vuosttaš fáddágilkora!

MARC

LEADER 00000 a a2200000 04500
001 21307
003
040 |a CRAI/IIS  |c CRAI/IIS 
090 |a 09326.00  
100 |a Smith Wiltshire, David A  
245 |a Formas de dominación ideológica del estado en Panamá: 1968-1983 /  |c David A. Smith Wiltshire  
260 |a San José:   |b Universidad de Costa Rica  
300 |a 124 páginas  
502 |a Tesis (Master en Sociología) -- Universidad de Costa Rica. Sistema de Estudios de Post-grado. Maestría Centroamericana de Sociología, 1983  
999 |c 17974  |d 17974